[Event "Madrid-ch sf-B"]
[Site "Madrid"]
[Date "2010.01.15"]
[Round "4"]
[White "Ramirez Garcia, Jorge Alberto"]
[Black "Prieto Honorato, Juan Maria"]
[Result "1-0"]
[WhiteElo "2176"]
[BlackElo "2098"]
[PlyCount "85"]
[EventDate "2010.01.08"]
[EventType "swiss"]
[EventRounds "9"]
[EventCountry "ESP"]
[SourceTitle "CBM 134 Extra"]
[Source "ChessBase"]
[SourceDate "2010.03.03"]
[SourceVersion "1"]
[SourceVersionDate "2010.03.03"]
[SourceQuality "1"]

1. e4 g6 2. d4 Bg7 3. Nc3 c6 4. Be3 Nf6 5. e5 Nd5 6. Nxd5 cxd5 7. Qd2 Nc6 8. Nf3 d6 9. exd6 Qxd6 10. Be2 Bf5 11. 0-0 0-0 12. c3 f6 13. Rfd1 Rad8 14. Rac1 e5 15. c4 e4 16. Bf4 exf3 17. Bxd6 fxe2 18. Qxe2 Rxd6 19. c5 Re6 20. Qf3 Re4 21. Qb3 Rfe8 22. Qxb7 Nxd4 23. f3 Ne2+ 24. Kf1 R4e5 25. Ra1 Bf8 26. Qxa7 d4 27. b4 d3 28. Qb6 Rd5 29. c6 Rc8 30. g4 Be6 31. Qa6 Nf4 32. b5 Bc5 33. b6 Bd6 34. Rac1 d2 35. Rc2 Rd3 36. Rdxd2 Ra3 37. Qxc8+ Bxc8 38. Rxd6 Ba6+ 39. Ke1 Re3+ 40. Kd2 Re2+ 41. Kc1 Re8 42. Rcd2 Ne6 43. b7 1-0

[Event "Madrid-ch sf-B"]
[Site "Madrid"]
[Date "2010.01.08"]
[Round "1"]
[White "Prieto Honorato, Juan Maria"]
[Black "Rodriguez Vignote, Javier"]
[Result "1-0"]
[WhiteElo "2098"]
[BlackElo "1891"]
[PlyCount "85"]
[EventDate "2010.01.08"]
[EventType "swiss"]
[EventRounds "9"]
[EventCountry "ESP"]
[SourceTitle "CBM 134 Extra"]
[Source "ChessBase"]
[SourceDate "2010.03.03"]
[SourceVersion "1"]
[SourceVersionDate "2010.03.03"]
[SourceQuality "1"]

1. d4 e6 2. c4 Nf6 3. Nc3 Bb4 4. e3 0-0 5. Bd3 d5 6. Nge2 c5 7. 0-0 cxd4 8. exd4 dxc4 9. Bxc4 a6 10. Bg5 Be7 11. Ng3 b5 12. Bb3 Bb7 13. f4 Nc6 14. Nce2 Qb6 15. Kh1 Rad8 16. f5 Nxd4 17. Nxd4 Rxd4 18. Qe2 Rd6 19. fxe6 Rxe6 20. Bxe6 fxe6 21. Nh5 Bd5 22. Nxf6+ gxf6 23. Bh6 Rf7 24. b3 f5 25. Rac1 Bb7 26. Rc3 Rf6 27. Rg3+ Rg6 28. Rxg6+ hxg6 29. Qe5 Bf8 30. Bxf8 Kxf8 31. Qf6+ Ke8 32. Qxg6+ Kd7 33. Rxf5 Qe3 34. Rf7+ Kc6 35. Qc2+ Kd5 36. Qd1+ Kc6 37. Rxb7 Kxb7 38. Qf3+ Qxf3 39. gxf3 Kc7 40. h4 Kd7 41. Kg2 Ke7 42. Kg3 Kf6 43. Kf4 1-0

[Event "Madrid Pueblo Nuevo qual"]
[Site "Madrid"]
[Date "2007.06.16"]
[Round "7.5"]
[White "Prieto Honorato, Juan Maria"]
[Black "Aziz Ortego, Omar Luis"]
[Result "0-1"]
[WhiteElo "2148"]
[BlackElo "2112"]
[PlyCount "50"]
[EventDate "2007.05.19"]
[EventType "swiss"]
[EventRounds "9"]
[EventCountry "ESP"]
[SourceTitle "EXT 2024"]
[Source "ChessBase"]
[SourceDate "2023.10.10"]
[SourceVersion "1"]
[SourceVersionDate "2023.10.10"]
[SourceQuality "1"]

1. d4 d5 2. c4 c6 3. Nc3 Nf6 4. Nf3 dxc4 5. e4 b5 6. Qc2 Bb7 7. Bg5 a6 8. a4 h6 9. Bf4 e6 10. d5 exd5 11. exd5 Nxd5 12. 0-0-0 Be7 13. g4 Qa5 14. Be5 0-0 15. g5 hxg5 16. h4 g4 17. Ng5 f5 18. Ne6 Rf7 19. Bg2 Nd7 20. Bxg7 b4 21. Nxd5 cxd5 22. h5 b3 23. Qe2 Rxg7 24. Nxg7 Bg5+ 25. Rd2 Qxd2+ 0-1

[Event "Madrid op"]
[Site "Madrid"]
[Date "2006.10.07"]
[Round "2"]
[White "Prieto Honorato, Juan Maria"]
[Black "Gomez Ferrer, Jesus"]
[Result "1-0"]
[WhiteElo "2158"]
[BlackElo "1892"]
[PlyCount "109"]
[EventDate "2006.10.06"]
[EventType "swiss"]
[EventRounds "9"]
[EventCountry "ESP"]
[SourceTitle "EXT 2007"]
[Source "ChessBase"]
[SourceDate "2006.11.23"]
[SourceVersion "1"]
[SourceVersionDate "2006.11.23"]
[SourceQuality "1"]

1. d4 f5 2. e4 fxe4 3. Nc3 Nf6 4. Bg5 d6 5. f3 e3 6. Bd3 Nc6 7. Nge2 Bd7 8. Bxe3 e6 9. 0-0 Qe7 10. b4 Nxb4 11. Rb1 Nbd5 12. Nxd5 Nxd5 13. Bf2 Nb6 14. c4 Bc6 15. Nf4 0-0-0 16. d5 exd5 17. cxd5 Bd7 18. Bb5 Bf5 19. Rb4 g5 20. Re1 Qf7 21. Ne6 Bxe6 22. dxe6 Qe7 23. a4 d5 24. Rb3 Nc4 25. Bd7+ Rxd7 26. exd7+ Qxd7 27. Qd4 Bg7 28. Qxa7 Qc6 29. Qa8+ Kd7 30. Qxb7 Qxb7 31. Rxb7 Ra8 32. Ra7 Rc8 33. Ra6 Bf8 34. Rd1 c6 35. Ra7+ Rc7 36. Rxc7+ Kxc7 37. Rb1 c5 38. Bg3+ Kc6 39. Rb8 Bg7 40. Rg8 Bd4+ 41. Bf2 Bf6 42. Rc8+ Kd6 43. Rxc5 Bc3 44. Kf1 Nd2+ 45. Ke2 Nc4 46. Kd3 Be5 47. Rxc4 dxc4+ 48. Kxc4 Kc6 49. h3 h5 50. Bd4 Bf4 51. Kd3 Bc7 52. Ke4 Bd8 53. Kf5 Kd5 54. Bf6 Bc7 55. Kxg5 1-0

[Event "Madrid op"]
[Site "Madrid"]
[Date "2006.10.06"]
[Round "1"]
[White "Fernandez Lledo, Javier"]
[Black "Prieto Honorato, Juan Maria"]
[Result "0-1"]
[WhiteElo "1907"]
[BlackElo "2158"]
[PlyCount "72"]
[EventDate "2006.10.06"]
[EventType "swiss"]
[EventRounds "9"]
[EventCountry "ESP"]
[SourceTitle "EXT 2007"]
[Source "ChessBase"]
[SourceDate "2006.11.23"]
[SourceVersion "1"]
[SourceVersionDate "2006.11.23"]
[SourceQuality "1"]

1. e4 g6 2. Nf3 Bg7 3. d4 d6 4. Be3 Nf6 5. Nc3 0-0 6. Be2 Ng4 7. Bf4 Nc6 8. h3 Nf6 9. 0-0 a6 10. Qd2 b5 11. a3 Bb7 12. d5 Nb8 13. Bh6 Nbd7 14. Bxg7 Kxg7 15. b4 c6 16. Nh2 cxd5 17. exd5 Nb6 18. Bf3 Nc4 19. Qd4 Qb6 20. Qxb6 Nxb6 21. Rfd1 Rac8 22. Rd3 Rc7 23. Ng4 Nxg4 24. Bxg4 h5 25. Bd1 Rfc8 26. Na2 Bxd5 27. Rg3 Kf8 28. Nc1 Na4 29. Nd3 Nc3 30. Nf4 Bb7 31. Bf3 Ne4 32. Bxe4 Bxe4 33. Re3 Bb7 34. Rc1 e5 35. Ne2 Rxc2 36. Rd1 Ke7 0-1

[Event "Madrid"]
[Site "Madrid"]
[Date "2006.02.16"]
[Round "6"]
[White "Ruiz Quevedo, Andres"]
[Black "Prieto Honorato, Juan Maria"]
[Result "0-1"]
[WhiteElo "1922"]
[BlackElo "2116"]
[PlyCount "54"]
[EventDate "2006.01.31"]
[EventType "tourn"]
[EventRounds "9"]
[EventCountry "ESP"]
[SourceTitle "EXT 2007"]
[Source "ChessBase"]
[SourceDate "2006.11.23"]
[SourceVersion "1"]
[SourceVersionDate "2006.11.23"]
[SourceQuality "1"]

1. b3 Nf6 2. Bb2 e6 3. e3 c5 4. f4 Be7 5. Nf3 0-0 6. c4 Nc6 7. Nc3 d5 8. cxd5 exd5 9. Bb5 d4 10. Na4 dxe3 11. dxe3 Qa5+ 12. Nc3 Rd8 13. Qc1 Nb4 14. 0-0 Bf5 15. Ne5 Ng4 16. a3 Nc2 17. e4 Nxa1 18. exf5 Nxb3 19. Qc2 Nd4 20. Qc1 Nxe5 21. fxe5 Nxb5 22. f6 Bf8 23. Ne4 Nd4 24. Qg5 Ne6 25. Qh5 g6 26. Qh4 Qa4 27. Qg4 Rd4 0-1

[Event "Madrid"]
[Site "Madrid"]
[Date "2006.02.02"]
[Round "2"]
[White "Cardena Contreras, Javier"]
[Black "Prieto Honorato, Juan Maria"]
[Result "0-1"]
[WhiteElo "1806"]
[BlackElo "2116"]
[PlyCount "94"]
[EventDate "2006.01.31"]
[EventType "tourn"]
[EventRounds "9"]
[EventCountry "ESP"]
[SourceTitle "EXT 2007"]
[Source "ChessBase"]
[SourceDate "2006.11.23"]
[SourceVersion "1"]
[SourceVersionDate "2006.11.23"]
[SourceQuality "1"]

1. e4 g6 2. d4 Bg7 3. Nc3 c6 4. Nf3 Nf6 5. Bd3 0-0 6. Bg5 d6 7. Qd2 b5 8. h4 h5 9. Bh6 b4 10. Ne2 c5 11. Bxg7 Kxg7 12. e5 Nd5 13. Be4 Bb7 14. Nf4 e6 15. Nxh5+ gxh5 16. Rh3 Rh8 17. exd6 Nd7 18. Rg3+ Kf8 19. dxc5 Qf6 20. Nd4 Nxc5 21. Bxd5 Bxd5 22. Qxb4 Qe5+ 23. Kf1 Qxd6 24. c4 Bxg2+ 25. Kxg2 Qxd4 26. Qa3 Rg8 27. Kh3 Rxg3+ 28. fxg3 Kg8 29. Qf3 Qg4+ 30. Qxg4+ hxg4+ 31. Kxg4 f5+ 32. Kg5 Kf7 33. Rd1 Rg8+ 34. Kf4 Rg4+ 35. Kf3 Rxc4 36. h5 Kf6 37. h6 Kg6 38. Rh1 Ne4 39. Ke3 Ng5 40. b3 Rc2 41. Kf4 Rxa2 42. Ke5 Re2+ 43. Kd6 Nf7+ 44. Kc6 Nxh6 45. Kb7 Rb2 46. Kxa7 Rxb3 47. Re1 Kf6 0-1